| 000 | 00696nam a2200205 a 4500 | ||
|---|---|---|---|
| 001 | 3680 | ||
| 003 | CDMR | ||
| 005 | 20130314181907.0 | ||
| 008 | 130130s1994||||||||||||||||||||||||||||d | ||
| 020 | _a8460502813 | ||
| 040 |
_aCDMR _bcat _cCPC GIRONA |
||
| 100 | 1 |
_aLópez, Manuel _9357 |
|
| 245 | 1 | 3 |
_aUn periodisme alternatiu i autogestionari _b: la premsa de barris a Barcelona, 1968-1977 _cManuel López ; próleg d'Andrés Nayas ; epíleg d'Albert Musons |
| 260 |
_bDiputació de Barcelona _aBarcelona |
||
| 260 |
_c1994 _bCol·legi de Periodistes de Catalunya |
||
| 490 | 0 |
_aVaixells de Paper _v15 |
|
| 700 | 1 |
_9299 _aMusons i Agell, Albert |
|
| 700 | 1 |
_93027 _aNayas, Andrés |
|
| 942 |
_cMON _2udc |
||
| 999 |
_c3680 _d3680 |
||